Natural Cement (Record no. 232823)
[ view plain ]
| 000 -LEADER | |
|---|---|
| fixed length control field | nam a22 7a 4500 |
| 003 - CONTROL NUMBER IDENTIFIER | |
| control field | Nust |
| 005 - DATE AND TIME OF LATEST TRANSACTION | |
| control field | 20170223151926.0 |
| 008 - FIXED-LENGTH DATA ELEMENTS--GENERAL INFORMATION | |
| fixed length control field | 170223b xxu||||| |||| 00| 0 eng d |
| 040 ## - CATALOGING SOURCE | |
| Transcribing agency | DLC |
| 082 ## - DEWEY DECIMAL CLASSIFICATION NUMBER | |
| Classification number | 624.1833 EDI |
| 100 ## - MAIN ENTRY--PERSONAL NAME | |
| Personal name | Edison,Michael P. |
| 245 ## - TITLE STATEMENT | |
| Title | Natural Cement |
| Statement of responsibility, etc. | Edison,Michael P. |
| 700 ## - ADDED ENTRY--PERSONAL NAME | |
| Personal name | Edison ; ; Michael P |
| 942 ## - ADDED ENTRY ELEMENTS (KOHA) | |
| Source of classification or shelving scheme | |
| Koha item type | Book |
| Withdrawn status | Lost status | Source of classification or shelving scheme | Damaged status | Not for loan | Permanent Location | Current Location | Date acquired | Total Checkouts | Total Renewals | Full call number | Barcode | Date last seen | Date last checked out | Price effective from | Koha item type |
|---|---|---|---|---|---|---|---|---|---|---|---|---|---|---|---|
| School of Civil and Environmental Engineering (SCEE) | School of Civil and Environmental Engineering (SCEE) | 02/23/2017 | 1 | 1 | 624.1833 EDI | NIT-8023 | 06/24/2025 | 06/24/2025 | 02/23/2017 | Book | |||||
| School of Civil and Environmental Engineering (SCEE) | School of Civil and Environmental Engineering (SCEE) | 02/23/2017 | 3 | 1 | 624.1833 EDI | NIT-7865 | 06/24/2025 | 06/24/2025 | 02/23/2017 | Book |
